El camino hacia la felicidad
Spremljeno u:
| Glavni autor: | |
|---|---|
| Format: | Knjiga |
| Jezik: | španjolski |
| Izdano: |
Buenos Aires
LUMEN
1994
|
| Serija: | Responde, 2
|
| Teme: | |
| Oznake: |
Dodaj oznaku
Bez oznaka, Budi prvi tko označuje ovaj zapis!
|
MARC
| LEADER | 00000nam a2200000 a 4500 | ||
|---|---|---|---|
| 001 | UCH4408 | ||
| 003 | CL-VaPUC | ||
| 008 | 090818e19940000AG |||||||||||||||||spa|d | ||
| 020 | |a 950724400X | ||
| 082 | 0 | 4 | |a 242 |b MEL |2 21 |
| 100 | |a Mello, Anthony de |e autor |9 582334 | ||
| 245 | 1 | 3 | |a El camino hacia la felicidad |
| 300 | |a 92 p | ||
| 942 | |c BK | ||
| 945 | |d 20090818 00:00:00 |a ccalabra | ||
| 260 | |a Buenos Aires |b LUMEN |c 1994 | ||
| 650 | 0 | |a Cristianismo |9 257361 | |
| 650 | 0 | |a Vida cristiana |9 258753 | |
| 650 | 0 | |a Ficción |9 376687 | |
| 650 | 7 | |a DEVOCIONAL |2 CL-VaPUC |9 539918 | |
| 650 | 0 | |a Desarrollo Personal |9 390751 | |
| 650 | 7 | |a REFLEXION |2 CL-VaPUC |9 369835 | |
| 583 | |a last modification |c 20090818 00:00:00 |k Rodrigo Vera | ||
| 490 | 0 | |a Responde, 2 | |
| 999 | |c 335732 |d 335730 | ||